书目信息 |
| 题名: |
母亲
|
|
| 作者: | 高尔基 , Горький 著 ;王勇 注释 | |
| 分册: | ||
| 出版信息: | 上海 上海译文出版社 1965 |
|
| 页数: | 191页 | |
| 开本: | 18cm | |
| 丛书名: | ||
| 单 册: | ||
| 中图分类: | H359.4:I , H359.4 | |
| 科图分类: | ||
| 主题词: | 小说--苏联--现代--对照读物--俄、中 | |
| 电子资源: | ||
| ISBN: | ||
| 000 | 00765nam0 2200277 45 | |
| 001 | 0179001546 | |
| 005 | 20040506143357.6 | |
| 010 | @dCNY0.55 | |
| 091 | @a9017.586 | |
| 100 | @a19950719d1965 em y0chiy0121 ea | |
| 101 | 2 | @achi@arus |
| 102 | @aCN@b310000 | |
| 105 | @ay z 000ay | |
| 106 | @ar | |
| 200 | 10 | @a母亲@Amu qin@f(苏)高尔基(М.Горький)著@g王勇注释 |
| 210 | @a上海@c上海译文出版社@d1965 | |
| 215 | @a191页@d18cm | |
| 300 | @a俄语注释读物 | |
| 606 | @a小说@y苏联@z现代@x对照读物@x俄、中 | |
| 690 | @aH359.4:I@v3 | |
| 690 | @aH359.4 | |
| 701 | 1 | @a高尔基@Agao er ji@bМ.@4著 |
| 701 | A1 | @aГорький@bМ.@4著 |
| 702 | 0 | @a王勇@AWang Yong@4注释 |
| 801 | 0 | @aCN@bNLC@c20040506 |
| 905 | @f2@b78958-959@f2@b225229-230@dH359.4@e11 | |
| 母亲/(苏)高尔基(М.Горький)著/王勇注释.-上海:上海译文出版社,1965 |
| 191页;18cm |
| 俄语注释读物 |
| ISBN :CNY0.55 |
| ● |
| 相关链接 |
|
|
|
|
正题名:母亲
索取号:H359.4/11
 
预约/预借
| 序号 | 登录号 | 条形码 | 馆藏地/架位号 | 状态 | 备注 |
| 1 | 0078958 | 001138502 | 密集书库/ [索取号:H359.4/11] | 在馆 | |
| 2 | 0078959 | 001138511 | 第四借阅区/ [索取号:H359.4/11] | 在馆 | |
| 3 | 0078960 | 001138450 | 第二样本阅览室/ [索取号:H359.4/11] | 在馆 | |
| 4 | 0225229 | 001138520 | 密集书库/ [索取号:H359.4/11] | 在馆 | |
| 5 | 0225230 | 001138469 | 密集书库/ [索取号:H359.4/11] | 在馆 |